| 000 | 00954pam a2200301 a 4500 | ||
|---|---|---|---|
| 008 | |||
| 020 | _a0781703093 (hbk. ) | ||
| 050 | 0 | 0 | _aRC359.5 AID |
| 245 | 0 | 0 |
_aAIDS and the nervous system / _ceditors, Joseph R. Berger, Robert M. Levy. |
| 246 | 1 | 4 | _aAIDS & the nervous system. |
| 250 | _a2nd ed. | ||
| 260 |
_aPhiladelphia : _bLippincott-Raven, _c1997. |
||
| 300 |
_aXXI, 778 p. : _bill. ; _c26 cm. |
||
| 504 | _aIncludes bibliographical references. | ||
| 500 | _aIncludes index. | ||
| 650 | 0 |
_aNervous system _xInfections. |
|
| 650 | 0 |
_aAIDS (Disease) _xComplications. |
|
| 650 | 2 |
_aAcquired Immunodeficiency Syndrome _xcomplications. |
|
| 650 | 2 |
_aNervous System Diseases _xcomplications. |
|
| 700 | 1 | _aBerger, Joseph R. | |
| 700 | 1 | _aLevy, Robert M. | |
| 907 |
_a.b10234469 _b22-02-07 _c22-02-07 |
||
| 003 | |||
| 005 | 20230120203944.0 | ||
| 040 | _cNUST | ||
| 049 | _aMAIN | ||
| 942 | _cBOOKS | ||
| 999 |
_c114530 _d114530 |
||